[Event "El Vendrell op 3rd"]
[Site "El Vendrell"]
[Date "2023.07.15"]
[Round "6"]
[White "Castillo Dalmau, Albert"]
[Black "Chalmeta Ugas, Ramon"]
[Result "0-1"]
[WhiteElo "2256"]
[BlackElo "2135"]
[PlyCount "260"]
[EventDate "2023.07.15"]
[EventType "swiss (rapid)"]
[EventRounds "9"]
[EventCountry "ESP"]
[SourceTitle "CBM 215 Extra"]
[Source "ChessBase"]
[SourceDate "2023.09.30"]
[SourceVersion "1"]
[SourceVersionDate "2023.09.30"]
[SourceQuality "1"]

1. Nf3 Nf6 2. g3 g6 3. b3 Bg7 4. Bb2 0-0 5. Bg2 d5 6. c4 c5 7. cxd5 Nxd5 8. Bxg7 Kxg7 9. 0-0 Nc6 10. d4 cxd4 11. Nxd4 Nxd4 12. Qxd4+ Nf6 13. Qe5 Re8 14. Nc3 Kg8 15. Rfd1 Qb6 16. Na4 Qxf2+ 17. Kh1 Ng4 18. Qe4 Qf6 19. Rf1 Nf2+ 20. Rxf2 Qxa1+ 21. Rf1 Qg7 22. Nc5 Rb8 23. Qa4 Bf5 24. Qxa7 Qd4 25. Qb6 Qd6 26. Qb5 b6 27. Ne4 Bxe4 28. Bxe4 e6 29. a4 Red8 30. Bd3 Qd5+ 31. Qxd5 Rxd5 32. Rf4 Rc5 33. Kg2 Rc3 34. Rb4 Rc5 35. Rd4 Rc7 36. Rb4 Ra7 37. Kf3 Kf8 38. Rc4 Ke7 39. Rc6 Rd7 40. Kf4 h6 41. h4 Rd4+ 42. Ke3 Rd6 43. Rc7+ Kf6 44. Bc4 g5 45. hxg5+ hxg5 46. Bd3 Rf8 47. Ra7 Ke5 48. b4 f5 49. a5 bxa5 50. bxa5 Rb8 51. a6 Rb3 52. Kf2 f4 53. Rg7 fxg3+ 54. Kxg3 Rxa6 55. Rxg5+ Kd6 56. Kf3 Ra7 57. Ke3 Ra1 58. Rg6 Rh1 59. Kd2 Rb2+ 60. Kc3 Rb6 61. Kd2 Ke5 62. Rg5+ Kf4 63. Rg6 Rd6 64. Rf6+ Ke5 65. Rf3 Rh4 66. Ke3 Rb6 67. Rg3 Kd6 68. Rg6 Rh3+ 69. Kd2 Rh5 70. Ke3 Re5+ 71. Kd4 Rb4+ 72. Kc3 Rf4 73. Rg8 Rc5+ 74. Kd2 e5 75. Ke3 Rh4 76. Rd8+ Ke7 77. Ra8 Rh3+ 78. Kd2 Rd5 79. Ra4 Rh2 80. Ra7+ Rd7 81. Ra4 Rd4 82. Ra7+ Kf6 83. Ra6+ Kg5 84. Rg6+ Kf4 85. Rf6+ Kg3 86. Ke3 Rh5 87. Re6 Rf4 88. Rg6+ Kh4 89. Re6 Rg4 90. Be4 Rgg5 91. Bf3 Rh8 92. Ke4 Rb8 93. Ke3 Rb3+ 94. Kf2 Rf5 95. Ke1 Kg5 96. Kf2 Kf4 97. Rh6 Kg5 98. Rh5+ Kf6 99. Rh4 Ra3 100. Rb4 Rf4 101. Rb6+ Ke7 102. Kg3 Rd4 103. Kf2 e4 104. Bg4 Rd6 105. Rb4 e3+ 106. Kf3 Rf6+ 107. Ke4 Rf2 108. Bf3 Rh2 109. Rb7+ Kd6 110. Rb6+ Kc5 111. Re6 Rh4+ 112. Kf5 Rd4 113. Rc6+ Kb4 114. Ke5 Rh4 115. Rc8 Ra5+ 116. Kf6 Rf4+ 117. Kg6 Rd4 118. Re8 Rd6+ 119. Kf7 Ra7+ 120. Kf8 Ra3 121. Ke7 Rb6 122. Rd8 Ra7+ 123. Kf8 Rf6+ 124. Kg8 Re7 125. Rd1 Kc3 126. Rf1 Kd2 127. Rg1 Rxf3 128. exf3 e2 129. f4 Re4 130. f5 Rf4 0-1

[Event "El Vendrell op 3rd"]
[Site "El Vendrell"]
[Date "2023.07.15"]
[Round "3"]
[White "Chalmeta Ugas, Ramon"]
[Black "Munoz Pantoja, Miguel Angel"]
[Result "1/2-1/2"]
[WhiteElo "2135"]
[BlackElo "2438"]
[PlyCount "191"]
[EventDate "2023.07.15"]
[EventType "swiss (rapid)"]
[EventRounds "9"]
[EventCountry "ESP"]
[SourceTitle "CBM 215 Extra"]
[Source "ChessBase"]
[SourceDate "2023.09.30"]
[SourceVersion "1"]
[SourceVersionDate "2023.09.30"]
[SourceQuality "1"]

1. e4 d5 2. exd5 Qxd5 3. Nc3 Qa5 4. Bc4 Nf6 5. d3 Bg4 6. f3 Bd7 7. Be3 e6 8. Qd2 Bc5 9. Nge2 Nc6 10. Bxc5 Qxc5 11. 0-0-0 Na5 12. Bb3 0-0-0 13. Ne4 Nxe4 14. fxe4 f6 15. d4 Qb6 16. Nc3 Kb8 17. Rhe1 Rhe8 18. Kb1 Re7 19. Qe2 Be8 20. d5 Nxb3 21. axb3 Red7 22. e5 f5 23. dxe6 Qxe6 24. Rxd7 Bxd7 25. g3 Bc6 26. Qf2 b6 27. Qf4 Kb7 28. h3 a5 29. Qg5 Rd7 30. g4 fxg4 31. hxg4 Rf7 32. Ne2 Bf3 33. Nd4 Qxg4 34. Nxf3 Qxf3 35. e6 Rf8 36. e7 Re8 37. Qxg7 Qf5 38. Qg2+ c6 39. Qd2 Qd5 40. Qh6 Qf5 41. Qd6 Qd5 42. Qh6 Qf5 43. Re6 a4 44. bxa4 Qf1+ 45. Qc1 Qxc1+ 46. Kxc1 Kc7 47. b4 Kd7 48. Rh6 Rxe7 49. Kb2 Kc7 50. Kb3 Kb7 51. c3 Rg7 52. a5 Rc7 53. c4 bxa5 54. bxa5 Rf7 55. Kb4 Rg7 56. Ka4 Rf7 57. Kb3 Rf3+ 58. Kb4 Rf7 59. Kc5 Rf5+ 60. Kb4 Rf7 61. Kc5 Rf5+ 62. Kb4 Rf7 63. a6+ Kb6 64. c5+ Kxa6 65. Rxc6+ Kb7 66. Kb5 Rg7 67. Rb6+ Kc7 68. Ra6 Kb8 69. Rf6 Kc7 70. Ra6 Kb8 71. Rf6 Kc7 72. Rf1 h5 73. Ra1 Kc8 74. Ra8+ Kb7 75. Ra1 Kc8 76. Kb6 Rb7+ 77. Kc6 Rc7+ 78. Kd5 Rd7+ 79. Kc4 h4 80. Ra8+ Kc7 81. Rh8 Rf7 82. Kb5 Rg7 83. Rxh4 Rf7 84. Rh6 Rg7 85. Ra6 Kb8 86. Kb6 Rg2 87. Ra5 Rb2+ 88. Kc6 Rg2 89. Kb6 Rb2+ 90. Rb5 Rxb5+ 91. Kxb5 Kb7 92. c6+ Kc7 93. Kc5 Kc8 94. Kd6 Kd8 95. c7+ Kc8 96. Kc6 1/2-1/2

[Event "El Vendrell op 3rd"]
[Site "El Vendrell"]
[Date "2023.07.15"]
[Round "8"]
[White "Solodovnichenko, Yuri"]
[Black "Chalmeta Ugas, Ramon"]
[Result "1-0"]
[WhiteElo "2456"]
[BlackElo "2135"]
[PlyCount "77"]
[EventDate "2023.07.15"]
[EventType "swiss (rapid)"]
[EventRounds "9"]
[EventCountry "ESP"]
[SourceTitle "CBM 215 Extra"]
[Source "ChessBase"]
[SourceDate "2023.09.30"]
[SourceVersion "1"]
[SourceVersionDate "2023.09.30"]
[SourceQuality "1"]

1. e4 c5 2. Nf3 e6 3. g3 Nc6 4. Bg2 Qc7 5. 0-0 Nf6 6. Qe2 d6 7. c3 Be7 8. d4 cxd4 9. cxd4 d5 10. e5 Nd7 11. Nc3 a6 12. Bf4 0-0 13. Rac1 Qb6 14. Rfd1 Re8 15. h4 Nf8 16. Bg5 Bd7 17. Bxe7 Nxe7 18. h5 h6 19. Qd2 Nh7 20. Bf1 f5 21. exf6 Nxf6 22. Ne5 Rf8 23. Bh3 Be8 24. Re1 Nxh5 25. Re2 Nf6 26. Rce1 Nf5 27. Nf3 Bd7 28. Qd3 Rae8 29. b3 Qd6 30. Ne5 b5 31. Ng6 Rf7 32. g4 Ne7 33. Ne5 Rff8 34. g5 Ne4 35. gxh6 Rf6 36. Rxe4 dxe4 37. Nxe4 Qd5 38. Nxf6+ gxf6 39. Qg3+ 1-0

[Event "Paris-ch 94th"]
[Site "Paris"]
[Date "2019.07.14"]
[Round "9"]
[White "Chalmeta Ugas, Ramon"]
[Black "Moussard, Jules"]
[Result "0-1"]
[WhiteElo "2232"]
[BlackElo "2576"]
[PlyCount "88"]
[EventDate "2019.07.07"]
[EventType "swiss"]
[EventRounds "9"]
[EventCountry "FRA"]
[SourceTitle "CBM 191 Extra"]
[Source "ChessBase"]
[SourceDate "2019.09.30"]
[SourceVersion "1"]
[SourceVersionDate "2019.09.30"]
[SourceQuality "1"]

1. e4 c5 2. Nf3 d6 3. Bb5+ Bd7 4. Bxd7+ Nxd7 5. 0-0 Ngf6 6. Qe2 Rc8 7. b3 g6 8. Bb2 Bg7 9. d4 cxd4 10. Nxd4 Nc5 11. Nd2 0-0 12. c4 e6 13. Kh1 Re8 14. Rad1 a6 15. a3 Qc7 16. b4 Na4 17. Ba1 Nd7 18. Rc1 b5 19. Qd1 Qa7 20. N2f3 Bh6 21. Nd2 e5 22. N4f3 Nab6 23. cxb5 axb5 24. Rxc8 Rxc8 25. Bb2 Nc4 26. Nxc4 bxc4 27. Qc2 c3 28. Bc1 Bxc1 29. Qxc1 Nf6 30. Qc2 Qxa3 31. Rb1 Qa8 32. b5 Qxe4 33. Qc1 c2 34. Ra1 Ng4 35. Kg1 Qe2 36. h3 Qxf2+ 37. Kh1 Ne3 38. Ne1 Rc3 39. b6 Kg7 40. b7 Nxg2 41. Ra3 Nxe1 42. Qg5 c1Q 43. b8Q Nf3+ 44. Qxc1 Qh2# 0-1

[Event "Sant Boi Lorente Memorial 8th"]
[Site "Sant Boi de Llobregat"]
[Date "2017.06.18"]
[Round "7.2"]
[White "Movsziszian, Karen"]
[Black "Chalmeta Ugas, Ramon"]
[Result "1-0"]
[WhiteElo "2483"]
[BlackElo "2307"]
[PlyCount "85"]
[EventDate "2017.06.18"]
[EventType "swiss"]
[EventRounds "9"]
[EventCountry "ESP"]
[SourceTitle "EXT 2024"]
[Source "ChessBase"]
[SourceDate "2023.10.10"]
[SourceVersion "1"]
[SourceVersionDate "2023.10.10"]
[SourceQuality "1"]

1. g3 Nf6 2. Bg2 d5 3. d3 g6 4. f4 Bg7 5. Nf3 0-0 6. 0-0 c5 7. c3 Nc6 8. Na3 Bf5 9. Nh4 Bg4 10. h3 Bd7 11. e4 d4 12. c4 Qc8 13. g4 a6 14. Bd2 Rb8 15. b3 b5 16. Qf3 b4 17. Nc2 a5 18. Qg3 Qc7 19. Nf3 a4 20. Qh4 h5 21. e5 Nxg4 22. hxg4 Bxg4 23. Bh3 Bxh3 24. Qxh3 Na5 25. Rab1 Ra8 26. Ng5 Nc6 27. Ne1 axb3 28. axb3 Ra2 29. Nef3 Rfa8 30. e6 f6 31. Ne4 Nd8 32. f5 gxf5 33. Qxf5 R8a6 34. Kh1 Nxe6 35. Rg1 Kf8 36. Qxh5 Nf4 37. Qh2 e5 38. Nh4 Qc8 39. Ng6+ Nxg6 40. Rxg6 f5 41. Rxg7 Kxg7 42. Rg1+ Rg6 43. Qh6+ 1-0

[Event "Sitges Sunway op 3rd"]
[Site "Sitges"]
[Date "2016.12.16"]
[Round "1"]
[White "Del Rio de Angelis, Salvador Gabriel"]
[Black "Chalmeta Ugas, Ramon"]
[Result "1-0"]
[WhiteElo "2530"]
[BlackElo "2213"]
[PlyCount "79"]
[EventDate "2016.12.16"]
[EventType "swiss"]
[EventRounds "9"]
[EventCountry "ESP"]
[SourceTitle "CBM 176 Extra"]
[Source "ChessBase"]
[SourceDate "2017.03.02"]
[SourceVersion "1"]
[SourceVersionDate "2017.03.02"]
[SourceQuality "1"]

1. d4 Nf6 2. c4 g6 3. Nc3 d5 4. cxd5 Nxd5 5. e4 Nxc3 6. bxc3 Bg7 7. Qa4+ c6 8. Nf3 0-0 9. Be2 Nd7 10. 0-0 e5 11. Bg5 Qc7 12. Bh4 Nb6 13. Qa5 exd4 14. cxd4 Bg4 15. Qd2 Rfe8 16. h3 Be6 17. Rac1 Qd7 18. Rfd1 h6 19. Bg3 Kh7 20. Qa5 Qe7 21. Bf1 f5 22. exf5 Bxf5 23. Re1 Qf8 24. Be5 Red8 25. Bxg7 Qxg7 26. Re3 Nd5 27. Re5 Rf8 28. Qa3 Kh8 29. Nh4 Qf6 30. Nxf5 gxf5 31. Rd1 Qg6 32. Qf3 Rf6 33. Bc4 Nb6 34. Bb3 Rd8 35. Re7 Nd7 36. Qf4 Nf8 37. Re3 Qh5 38. Rg3 Ng6 39. Qc7 Ne7 40. Qxd8+ 1-0

[Event "Barcelona Sants op-A18th"]
[Site "Barcelona"]
[Date "2016.08.20"]
[Round "2"]
[White "Grigoryan, Karen H"]
[Black "Chalmeta Ugas, Ramon"]
[Result "1-0"]
[WhiteElo "2533"]
[BlackElo "2249"]
[PlyCount "95"]
[EventDate "2016.08.19"]
[EventType "swiss"]
[EventRounds "10"]
[EventCountry "ESP"]
[SourceTitle "CBM 174 Extra"]
[Source "ChessBase"]
[SourceDate "2016.10.10"]
[SourceVersion "1"]
[SourceVersionDate "2016.10.10"]
[SourceQuality "1"]

1. Nf3 Nf6 2. g3 g6 3. Bg2 Bg7 4. 0-0 0-0 5. c4 d5 6. cxd5 Nxd5 7. d4 Nc6 8. Nc3 Nb6 9. e3 a6 10. Nh4 e5 11. d5 Ne7 12. e4 Nc4 13. Qe2 Nd6 14. f4 f6 15. Be3 b6 16. fxe5 fxe5 17. Rxf8+ Qxf8 18. Nf3 h6 19. Nd2 Bd7 20. a4 a5 21. Nc4 Nec8 22. b3 Kh7 23. Rc1 Ra7 24. Nd1 Nxc4 25. Qxc4 Nd6 26. Qe2 Qe7 27. Nf2 Bc8 28. Qc2 Bd7 29. Bh3 Bxh3 30. Nxh3 Qd7 31. Kg2 Qg4 32. Nf2 Qd7 33. Qc6 Qd8 34. Rf1 h5 35. Nh3 Nxe4 36. Rf7 Qd6 37. Ng5+ Nxg5 38. Qxd6 Nxf7 39. Qd7 Nd6 40. Bxb6 Rb7 41. Bxa5 Nf5 42. b4 Ne3+ 43. Kf3 Nc4 44. Qc6 Nxa5 45. bxa5 Rb3+ 46. Ke2 e4 47. Qxc7 Rc3 48. d6 1-0

[Event "Santa Coloma op rapid 9th"]
[Site "Santa Coloma"]
[Date "2016.06.05"]
[Round "8"]
[White "Chalmeta Ugas, Ramon"]
[Black "Ayza Leon, David"]
[Result "0-1"]
[WhiteElo "2264"]
[BlackElo "2194"]
[PlyCount "82"]
[EventDate "2016.06.05"]
[EventType "swiss (rapid)"]
[EventRounds "8"]
[EventCountry "ESP"]
[SourceTitle "CBM 172 Extra"]
[Source "ChessBase"]
[SourceDate "2016.06.21"]
[SourceVersion "1"]
[SourceVersionDate "2016.06.21"]
[SourceQuality "1"]

1. e4 d6 2. d4 Nf6 3. Nc3 c6 4. Nf3 Qa5 5. Bd3 e5 6. 0-0 Be7 7. Bd2 Qc7 8. h3 0-0 9. Qe2 Re8 10. a4 a5 11. dxe5 dxe5 12. Bc4 h6 13. Rad1 Nbd7 14. Bc1 Nc5 15. b3 Be6 16. Bxe6 Nxe6 17. Qc4 Rad8 18. Be3 Bb4 19. Ne2 Rxd1 20. Rxd1 Rd8 21. Rxd8+ Qxd8 22. Ng3 Qd1+ 23. Kh2 Nd7 24. Qe2 Qxe2 25. Nxe2 Bc5 26. Bxc5 Nexc5 27. Ng3 f6 28. Nd2 b5 29. axb5 cxb5 30. Nf5 a4 31. b4 a3 32. bxc5 Nxc5 33. Nd6 a2 34. Nxb5 a1Q 35. Nd6 Qc3 36. N2c4 Nxe4 37. Nxe4 Qxc4 38. Ng3 Qxc2 39. f3 f5 40. h4 e4 41. Nxf5 exf3 0-1

[Event "Santa Coloma op rapid 9th"]
[Site "Santa Coloma"]
[Date "2016.06.05"]
[Round "4"]
[White "Munoz Pantoja, Miguel Angel"]
[Black "Chalmeta Ugas, Ramon"]
[Result "1-0"]
[WhiteElo "2454"]
[BlackElo "2264"]
[PlyCount "97"]
[EventDate "2016.06.05"]
[EventType "swiss (rapid)"]
[EventRounds "8"]
[EventCountry "ESP"]
[SourceTitle "CBM 172 Extra"]
[Source "ChessBase"]
[SourceDate "2016.06.21"]
[SourceVersion "1"]
[SourceVersionDate "2016.06.21"]
[SourceQuality "1"]

1. e4 c5 2. g3 Nc6 3. Bg2 d6 4. Ne2 g6 5. c3 Bg7 6. d4 cxd4 7. cxd4 Nf6 8. Nbc3 0-0 9. h3 Bd7 10. Be3 Rc8 11. 0-0 a6 12. f4 b5 13. e5 Ne8 14. Qd2 Na5 15. b3 e6 16. Rac1 Bc6 17. Ne4 Bxe4 18. Bxe4 Rxc1 19. Rxc1 d5 20. Bg2 f6 21. Qc3 Rf7 22. Bd2 Nb7 23. Qc6 Qd7 24. Qxa6 fxe5 25. fxe5 Bf8 26. Nf4 Ng7 27. h4 Nd8 28. Bh3 Nf5 29. Bxf5 Rxf5 30. Qc8 Rf7 31. Qxd7 Rxd7 32. Nd3 Ra7 33. Rc2 Kf7 34. Bg5 Be7 35. Bxe7 Kxe7 36. Kf2 Nf7 37. g4 Nh6 38. Kg3 Ke8 39. Rc6 Kf7 40. Nc5 Rxa2 41. Rc7+ Kg8 42. Nxe6 Ra1 43. Rc8+ Kf7 44. Ng5+ Ke7 45. Rc7+ Ke8 46. Rxh7 Ng8 47. Rh8 Kf8 48. e6 Re1 49. Kf2 1-0

[Event "Sant Boi Chalmeta Memorial"]
[Site "Sant Boi de Llobregat"]
[Date "2016.05.20"]
[Round "5"]
[White "Chalmeta Ugas, Ramon"]
[Black "Cruz Estrada, Filemon"]
[Result "1/2-1/2"]
[WhiteElo "2269"]
[BlackElo "2404"]
[PlyCount "24"]
[EventDate "2016.04.22"]
[EventType "tourn"]
[EventRounds "9"]
[EventCountry "ESP"]
[EventCategory "2"]
[SourceTitle "EXT 2017"]
[Source "ChessBase"]
[SourceDate "2016.10.25"]
[SourceVersion "1"]
[SourceVersionDate "2016.10.25"]
[SourceQuality "1"]

1. e4 e6 2. d4 d5 3. Nd2 Nf6 4. e5 Nfd7 5. Bd3 c5 6. c3 Nc6 7. Ne2 cxd4 8. cxd4 Nb6 9. 0-0 Bd7 10. f4 Nb4 11. Nf3 Nxd3 12. Qxd3 Be7 1/2-1/2

[Event "Catalunya-chT Gp2 final"]
[Site "Barcelona"]
[Date "2016.04.02"]
[Round "2.4"]
[White "Chalmeta Ugas, Ramon"]
[Black "Mellado Trivino, Juan"]
[Result "1/2-1/2"]
[WhiteElo "2269"]
[BlackElo "2426"]
[PlyCount "37"]
[EventDate "2016.03.12"]
[EventType "team-tourn"]
[EventRounds "4"]
[EventCountry "ESP"]
[SourceTitle "CBM 171 Extra"]
[Source "ChessBase"]
[SourceDate "2016.04.26"]
[SourceVersion "1"]
[SourceVersionDate "2016.04.26"]
[SourceQuality "1"]
[WhiteTeam "Sant Boi"]
[BlackTeam "Catalunya"]
[WhiteTeamCountry "ESP"]
[BlackTeamCountry "ESP"]

1. e4 g6 2. d4 Bg7 3. Nf3 d6 4. Be2 Nf6 5. Nc3 0-0 6. 0-0 a6 7. a4 Nc6 8. h3 e5 9. Be3 exd4 10. Nxd4 Re8 11. Nxc6 bxc6 12. Bd3 Rb8 13. Rb1 d5 14. exd5 Nxd5 15. Nxd5 cxd5 16. c3 Qh4 17. Re1 Bd7 18. Bxa6 Qxa4 19. Qxa4 1/2-1/2

[Event "Catalunya-chT Gp2"]
[Site "Barcelona"]
[Date "2016.02.20"]
[Round "5.3"]
[White "Chalmeta Ugas, Ramon"]
[Black "Alonso Rosell, Alvar"]
[Result "0-1"]
[WhiteElo "2269"]
[BlackElo "2540"]
[PlyCount "98"]
[EventDate "2016.01.23"]
[EventType "team-tourn"]
[EventRounds "7"]
[EventCountry "ESP"]
[SourceTitle "EXT 2017"]
[Source "ChessBase"]
[SourceDate "2016.10.25"]
[SourceVersion "1"]
[SourceVersionDate "2016.10.25"]
[SourceQuality "1"]
[WhiteTeam "Sant Boi"]
[BlackTeam "Colon Sabadell"]
[WhiteTeamCountry "ESP"]
[BlackTeamCountry "ESP"]

1. e4 e5 2. Nf3 Nc6 3. Bc4 Nf6 4. d3 Bc5 5. 0-0 a6 6. c3 0-0 7. Bg5 h6 8. Bh4 Be7 9. Nbd2 d6 10. Bb3 Bg4 11. h3 Be6 12. Re1 Nh5 13. Bxe7 Qxe7 14. d4 Bxb3 15. Qxb3 Rab8 16. dxe5 Nxe5 17. Nxe5 Qxe5 18. Nf3 Qf6 19. e5 dxe5 20. Nxe5 Nf4 21. c4 Rfd8 22. Qf3 Rd2 23. Ng4 Qd4 24. b3 Rd8 25. Ne3 g6 26. Rad1 Ne6 27. Qxb7 Qf4 28. Qf3 Qxf3 29. gxf3 Rxa2 30. Rxd8+ Nxd8 31. Nd5 Ne6 32. f4 Kf8 33. Re4 a5 34. b4 c6 35. bxa5 cxd5 36. cxd5 Nc5 37. Rc4 Rxa5 38. f5 gxf5 39. Rf4 Nd7 40. Rxf5 Kg7 41. Kg2 Kg6 42. Rf3 Rxd5 43. Ra3 f6 44. Ra7 Rg5+ 45. Kf3 Ne5+ 46. Kf4 Rf5+ 47. Kg3 Rf3+ 48. Kg2 Rb3 49. Ra2 Nd3 0-1

[Event "Sitges Sunway op-A 2nd"]
[Site "Sitges"]
[Date "2015.12.13"]
[Round "2"]
[White "Romanishin, Oleg M"]
[Black "Chalmeta Ugas, Ramon"]
[Result "1-0"]
[WhiteElo "2462"]
[BlackElo "2265"]
[PlyCount "47"]
[EventDate "2015.12.13"]
[EventType "swiss"]
[EventRounds "9"]
[EventCountry "ESP"]
[SourceTitle "EXT 2017"]
[Source "ChessBase"]
[SourceDate "2016.10.25"]
[SourceVersion "1"]
[SourceVersionDate "2016.10.25"]
[SourceQuality "1"]

1. Nf3 Nf6 2. c4 g6 3. g3 Bg7 4. Bg2 0-0 5. 0-0 c6 6. d4 d5 7. cxd5 cxd5 8. Ne5 Nbd7 9. Nc3 Nxe5 10. dxe5 Ng4 11. Qxd5 Nxe5 12. Qc5 Nd7 13. Qa3 e6 14. Rd1 Bf6 15. Be3 a6 16. Ne4 Be7 17. Qc3 e5 18. Nd6 Rb8 19. Bh6 Bxd6 20. Rxd6 Re8 21. Rad1 Ra8 22. Bh3 f5 23. Qc4+ Kh8 24. Qf7 1-0

[Event "Barcelona Sants op 17th"]
[Site "Barcelona"]
[Date "2015.08.24"]
[Round "4"]
[White "Serra Canals, Oriol"]
[Black "Chalmeta Ugas, Ramon"]
[Result "1/2-1/2"]
[WhiteElo "2037"]
[BlackElo "2271"]
[PlyCount "131"]
[EventDate "2015.08.21"]
[EventType "swiss"]
[EventRounds "10"]
[EventCountry "ESP"]
[SourceTitle "EXT 2016"]
[Source "ChessBase"]
[SourceDate "2015.10.08"]
[SourceVersion "1"]
[SourceVersionDate "2015.10.08"]
[SourceQuality "1"]

1. d4 Nf6 2. c4 g6 3. Nc3 d5 4. cxd5 Nxd5 5. e4 Nxc3 6. bxc3 Bg7 7. Be3 c5 8. Rc1 Qa5 9. Qd2 cxd4 10. cxd4 Qxd2+ 11. Kxd2 0-0 12. Bb5 Rd8 13. Ne2 Nc6 14. Bxc6 bxc6 15. Rxc6 Bb7 16. Rc7 Bxe4 17. f3 Bf5 18. g4 Be6 19. Rxe7 Bxa2 20. Ra1 Bd5 21. Raxa7 Rxa7 22. Rxa7 Bxf3 23. g5 Be5 24. h3 Bg2 25. h4 Bf3 26. Ke1 Bb8 27. Ra4 Kf8 28. Kf2 Bc6 29. Rc4 Bd5 30. Rb4 Bd6 31. Rb5 Bc4 32. Rb7 Ke8 33. Nc3 Ra8 34. Bd2 Be7 35. Rc7 Be6 36. d5 Bf5 37. Bf4 Bd8 38. Rb7 Bc8 39. Rb8 Rxb8 40. Bxb8 f5 41. Be5 Bb6+ 42. Kf3 Bb7 43. Kf4 Kf7 44. d6 Bc6 45. Ne2 Ba5 46. Bc3 Bb6 47. Bd4 Bd8 48. Ke5 Bb5 49. Nc3 Bc4 50. Na4 h6 51. Nb6 Bb3 52. Be3 hxg5 53. hxg5 Ke8 54. Bc5 Bxg5 55. Nc8 f4 56. Ne7 Bf7 57. Nc6 Kd7 58. Nd4 Bh6 59. Kf6 Be8 60. Nf3 Kc6 61. Bb4 Kd5 62. d7 Bxd7 63. Kxg6 Ke4 64. Kxh6 Kxf3 65. Bd6 Kg4 66. Bxf4 1/2-1/2

[Event "Barcelona Sants op 17th"]
[Site "Barcelona"]
[Date "2015.08.22"]
[Round "2"]
[White "Cori, Jorge Moise"]
[Black "Chalmeta Ugas, Ramon"]
[Result "1/2-1/2"]
[WhiteElo "2635"]
[BlackElo "2271"]
[PlyCount "122"]
[EventDate "2015.08.21"]
[EventType "swiss"]
[EventRounds "10"]
[EventCountry "ESP"]
[SourceTitle "EXT 2016"]
[Source "ChessBase"]
[SourceDate "2015.10.08"]
[SourceVersion "1"]
[SourceVersionDate "2015.10.08"]
[SourceQuality "1"]

1. e4 c5 2. Nf3 e6 3. Qe2 Nc6 4. g3 d6 5. Bg2 Nf6 6. c3 Be7 7. d4 cxd4 8. cxd4 0-0 9. Nc3 Re8 10. 0-0 b6 11. Rd1 Bb7 12. Bf4 Rc8 13. e5 Nd5 14. Nxd5 exd5 15. e6 f5 16. h4 Bf6 17. Ng5 Qe7 18. Nf7 Nxd4 19. Rxd4 Bxd4 20. Nxd6 Rcd8 21. Nxe8 Rxe8 22. Re1 g6 23. Qd2 Bf6 24. Bf3 d4 25. Bxb7 Qxb7 26. Be5 Qe7 27. Bxf6 Qxf6 28. Qe2 Re7 29. Qc4 f4 30. Qd5 fxg3 31. fxg3 h5 32. Re5 d3 33. Re1 Kg7 34. Qxd3 Qxb2 35. Re2 Qc1+ 36. Kh2 Qf1 37. Qd4+ Qf6 38. Qd6 Kh7 39. Kg2 Kg7 40. Qd5 Kh7 41. Qd8 Kg7 42. a4 Kh7 43. Qd2 Kg7 44. Re4 Kh7 45. Qe2 Qf5 46. Re5 Qf6 47. g4 hxg4 48. h5 gxh5 49. Rxh5+ Kg8 50. Re5 Kf8 51. Qe4 Qf3+ 52. Qxf3+ gxf3+ 53. Kxf3 Rc7 54. Rf5+ Ke7 55. Rf7+ Kd6 56. Ke4 Re7 57. Rxe7 Kxe7 58. Kd5 a6 59. Kc6 b5 60. axb5 axb5 61. Kxb5 Kxe6 1/2-1/2

[Event "Paleochora op 8th"]
[Site "Paleochora"]
[Date "2015.07.22"]
[Round "7"]
[White "Stern, Geoffrey"]
[Black "Chalmeta Ugas, Ramon"]
[Result "0-1"]
[WhiteElo "1957"]
[BlackElo "2294"]
[PlyCount "68"]
[EventDate "2015.07.17"]
[EventType "swiss"]
[EventRounds "9"]
[EventCountry "GRE"]
[SourceTitle "CBM 167 Extra"]
[Source "ChessBase"]
[SourceDate "2015.09.14"]
[SourceVersion "1"]
[SourceVersionDate "2015.09.14"]
[SourceQuality "1"]

1. d4 Nf6 2. Nc3 d5 3. Bg5 e6 4. Nf3 Be7 5. Bxf6 Bxf6 6. e4 dxe4 7. Nxe4 Be7 8. Qd2 Nd7 9. 0-0-0 Nf6 10. Bd3 c6 11. Kb1 b6 12. c4 Bb7 13. Qf4 Nxe4 14. Bxe4 Qd6 15. Qe3 0-0 16. h4 Rad8 17. Ng5 h6 18. Nf3 Qc7 19. h5 c5 20. d5 exd5 21. Bxd5 Bxd5 22. cxd5 Bf6 23. g4 Rfe8 24. Qd2 Qd7 25. Rhg1 Re4 26. g5 hxg5 27. Nxg5 Rd4 28. Qc2 Rxd1+ 29. Qxd1 Qf5+ 30. Qc2 Qxc2+ 31. Kxc2 Rxd5 32. Ne4 Bd4 33. h6 g6 34. Ng5 Rf5 0-1

[Event "Paleochora op 8th"]
[Site "Paleochora"]
[Date "2015.07.19"]
[Round "4"]
[White "Chalmeta Ugas, Ramon"]
[Black "Puuska, Heini"]
[Result "0-1"]
[WhiteElo "2294"]
[BlackElo "1963"]
[PlyCount "70"]
[EventDate "2015.07.17"]
[EventType "swiss"]
[EventRounds "9"]
[EventCountry "GRE"]
[SourceTitle "CBM 167 Extra"]
[Source "ChessBase"]
[SourceDate "2015.09.14"]
[SourceVersion "1"]
[SourceVersionDate "2015.09.14"]
[SourceQuality "1"]

1. e4 e6 2. d4 d5 3. Nd2 c5 4. exd5 exd5 5. Ngf3 a6 6. c3 Nc6 7. dxc5 Bxc5 8. Nb3 Bb6 9. Be2 Nf6 10. Nbd4 Ne4 11. Be3 0-0 12. Qb3 Nc5 13. Qc2 h6 14. Rd1 Bg4 15. 0-0 Ne6 16. Nxc6 bxc6 17. Ne5 Bxe3 18. Bxg4 Bf4 19. Nxc6 Bxh2+ 20. Kh1 Qh4 21. Bh3 Bc7 22. Qf5 g6 23. Qg4 Qf6 24. Nb4 h5 25. Qe2 Nf4 26. Nxd5 Nxd5 27. Rxd5 Rfe8 28. Qc4 Re5 29. Rd3 Rd8 30. Rxd8+ Bxd8 31. f4 Re3 32. Qd5 Qh4 33. Rf3 Re1+ 34. Kh2 Bb6 35. g3 Re2+ 0-1

[Event "Sant Boi Chalmeta Memorial"]
[Site "Sant Boi de Llobregat"]
[Date "2015.06.19"]
[Round "9"]
[White "Chalmeta Ugas, Ramon"]
[Black "Colon Garcia, Enrique"]
[Result "1-0"]
[WhiteElo "2240"]
[BlackElo "2283"]
[PlyCount "81"]
[EventDate "2015.04.17"]
[EventType "tourn"]
[EventRounds "9"]
[EventCountry "ESP"]
[EventCategory "2"]
[SourceTitle "EXT 2016"]
[Source "ChessBase"]
[SourceDate "2015.10.08"]
[SourceVersion "1"]
[SourceVersionDate "2015.10.08"]
[SourceQuality "1"]

1. e4 c5 2. Nf3 d6 3. Bb5+ Nc6 4. 0-0 Bd7 5. Re1 Nf6 6. h3 a6 7. Bf1 e5 8. a4 Be7 9. c3 0-0 10. d4 Qc7 11. d5 Nd8 12. a5 Ne8 13. Bd3 f6 14. Nbd2 Nf7 15. Nc4 g6 16. Nh2 Ng7 17. Ng4 h5 18. Nh6+ Nxh6 19. Bxh6 Kh7 20. Bxg7 Kxg7 21. Nb6 Rad8 22. Rf1 Be8 23. f4 Bf7 24. Kh1 Kh7 25. Be2 Kg7 26. Qd3 Rh8 27. Qe3 g5 28. fxg5 fxg5 29. b4 Bg6 30. Nc4 Rhf8 31. Bd3 g4 32. bxc5 dxc5 33. Rxf8 Rxf8 34. Rb1 Rf6 35. Rf1 Rxf1+ 36. Bxf1 gxh3 37. gxh3 Kh7 38. Bg2 Bf8 39. Qg5 Bd6 40. Qf6 Be7 41. d6 1-0